FUCTIONS STSTISTICS AND TRIGONOMETRY (Record no. 216492)

MARC details
000 -LEADER
fixed length control field 00566nam a22001937a 4500
008 - FIXED-LENGTH DATA ELEMENTS--GENERAL INFORMATION
fixed length control field 260126b |||||||| |||| 00| 0 eng d
020 ## - INTERNATIONAL STANDARD BOOK NUMBER
International Standard Book Number 0-673-45926-8
050 ## - LIBRARY OF CONGRESS CALL NUMBER
Classification number QA531 .F86 1998
Item number 1
100 ## - MAIN ENTRY--PERSONAL NAME
Personal name SENK SHARON L.
245 ## - TITLE STATEMENT
Title FUCTIONS STSTISTICS AND TRIGONOMETRY
Remainder of title INTERGRATED MATHEMATICS
250 ## - EDITION STATEMENT
Edition statement 2 ND EDITION
260 ## - PUBLICATION, DISTRIBUTION, ETC.
Place of publication, distribution, etc. NEW YORK
Name of publisher, distributor, etc. SCOTT FORESMAN ADDISON WESLEY
Date of publication, distribution, etc. 1998
300 ## - PHYSICAL DESCRIPTION
Extent X, PG935
500 ## - GENERAL NOTE
General note INCLUIDES INDEXS,GLOSSARY
650 ## - SUBJECT ADDED ENTRY
Topical term or geographic name entry element FUCTIONS AND MODULES
700 ## - ADDED ENTRY--PERSONAL NAME
Personal name VIKTORA STEVEN S.
942 ## - ADDED ENTRY ELEMENTS (KOHA)
Source of classification or shelving scheme Library of Congress Classification
Koha item type Long Loan Book

No items available.